00325nam a2200121Ia 4500008004100000041000800041100002800049245006200077250000800139260003100147300000800178650001700186240614s9999 xx 000 0 und d aeng aPalmer, T. & Bonner, P. aEnzymes : Biochemistry, Biotechnology, Clinical Chemistry a1st bEast Westc2022aNew Delhi a416 aBiochemistry